000
00296 a2200145 4500
001
192591
020
_a
978-1-84239-588-2
040
_c
Magnum
240
1
0
_a
Sleeping beauty
_l
ING
245
1
0
_a
Sleeping beauty
300
_a
12
362
0
_a
2006
697
_a
LITERATURA INGLESA
942
_c
BK
999
_c
192591
_d
192591